Chiffre de 1 à 15 en 15 secondes ! - Statistiques

Statistiques générales
  • Ce quiz a été pris 4 453 fois
  • Le résultat moyen est 8 sur 15
Statistiques - réponses
Hint Réponse % Correct
1 1
94%
3 3
75%
10 10
63%
2 2
63%
4 4
61%
7 7
61%
8 8
60%
9 9
59%
5 5
55%
6 6
52%
14 14
45%
12 12
40%
15 15
32%
11 11
23%
13 13
18%
Aucun quiz correspondant
Distribution des résultats
% des personnes avec chaque résultat
Percentile par nombre de réponses
Votre historique - résultats
Vous n’avez pas pris ce quiz